000 00484nam a2200181Ia 4500
003 LK-CoDNM
008 010623t2005 xxu||||| |||| 00| 1 sin d
040 _aLK-CoDNM
_dLK-CoDNM
_eLK-CoDNM
041 _asin
080 _a659.3
_bWEE
100 _aRanjan,Dharma Keerti Sri
_eed.
245 _aජනමාධ්‍ය වේදය
246 _aJanamadyawedaya
260 _bSripali Mandapaya
_aHorana
_c2005
300 _b294p, 21 cm
700 _aWeerasingha,Tuder
942 _cBK
999 _c124695
_d124695